Music Quiz

Random Music or State Quiz

Songs From Status Quo's On The Level Quiz Stats

Quiz not verified by Sporcle

Challenge
Share
Tweet
Embed
Score 0/10 Timer 06:00
0 Plays Today
Number Answer % Correct
6.Down Down
95.7%
1.Little Lady
87%
2.Most Of The Time
82.6%
4.Over And Done
73.9%
7.Broken Man
73.9%
10.Bye Bye Johnny
73.9%
8.What To Do
69.6%
5.Nightride
65.2%
3.I Saw The Light
60.9%
9.Where I Am
56.5%

You're not logged in!

Compare scores with friends on all Sporcle quizzes.
Sign Up with Email
OR
Log In

You Might Also Like...

Show Comments

Extras

Top Quizzes Today


Score Distribution

Your Account Isn't Verified!

In order to create a playlist on Sporcle, you need to verify the email address you used during registration. Go to your Sporcle Settings to finish the process.